Establishment of reprographic center in Barangay Sampaloc, Tanay, Rizal / (Record no. 16878)
[ view plain ]
| 000 -LEADER | |
|---|---|
| fixed length control field | 01333nam a22003017i 4500 |
| 003 - CONTROL NUMBER IDENTIFIER | |
| control field | URS |
| 005 - DATE AND TIME OF LATEST TRANSACTION | |
| control field | 20220117151127.0 |
| 008 - FIXED-LENGTH DATA ELEMENTS--GENERAL INFORMATION | |
| fixed length control field | 171211b xxu||||| |||| 00| 0 eng d |
| 050 14 - LIBRARY OF CONGRESS CALL NUMBER | |
| Classification number | HD 30.24 |
| Item number | Es81 2016 |
| 245 00 - TITLE STATEMENT | |
| Title | Establishment of reprographic center in Barangay Sampaloc, Tanay, Rizal / |
| Statement of responsibility, etc. | Maria Teresa B. Fernandez, Emma N. Nobleza, Boots Layka B. Rull, Rey Ann S. Silverio |
| 260 #1 - PUBLICATION, DISTRIBUTION, ETC. | |
| Date of publication, distribution, etc. | 2016. |
| 300 ## - PHYSICAL DESCRIPTION | |
| Extent | xx, 103 leaves : |
| Other physical details | illustrations (some colour) ; |
| Dimensions | 28 cm |
| 336 ## - CONTENT TYPE | |
| Source | rdacontent |
| Content type term | text |
| 336 ## - CONTENT TYPE | |
| Source | rdacontent |
| Content type term | still image |
| 337 ## - MEDIA TYPE | |
| Source | rdamedia |
| Media type term | unemdiated |
| 338 ## - CARRIER TYPE | |
| Source | rdacarrier |
| Carrier type term | volume |
| 502 ## - DISSERTATION NOTE | |
| Dissertation note | Feasibility studies |
| Degree type | Bachelor of Science in Business Administration |
| Name of granting institution | University of Rizal System |
| Year degree granted | 2016 |
| 504 ## - BIBLIOGRAPHY, ETC. NOTE | |
| Bibliography, etc. note | Include bibliographical references. |
| 520 ## - SUMMARY, ETC. | |
| Summary, etc. | The proponents oblige to manage the daily transaction and accommodate with the costumers and other operational matters. The opening of the center will be scheduled on the first week of January 2017. |
| 650 #0 - SUBJECT ADDED ENTRY--TOPICAL TERM | |
| Topical term or geographic name entry element | Copying services |
| Geographic subdivision | Philippines |
| -- | Rizal |
| 650 #0 - SUBJECT ADDED ENTRY--TOPICAL TERM | |
| Topical term or geographic name entry element | Feasibility studies |
| 700 1# - ADDED ENTRY--PERSONAL NAME | |
| Personal name | Fernandez, Maria Teresa B. |
| Relator term | author |
| 700 1# - ADDED ENTRY--PERSONAL NAME | |
| Personal name | Nobleza, Emma N. |
| Relator term | author |
| 700 1# - ADDED ENTRY--PERSONAL NAME | |
| Personal name | Rull, Boots Layka B. |
| Relator term | author |
| 700 1# - ADDED ENTRY--PERSONAL NAME | |
| Personal name | Silverio, Rey Ann S. |
| Relator term | author |
| 700 1# - ADDED ENTRY--PERSONAL NAME | |
| Personal name | Dizon, Ailey B. |
| Relator term | degree supervisor |
| 942 ## - ADDED ENTRY ELEMENTS (KOHA) | |
| Source of classification or shelving scheme | Library of Congress Classification |
| Koha item type | Theses and dissertations |
| Withdrawn status | Source of classification or shelving scheme | Damaged status | Not for loan | Home library | Current library | Date acquired | Total Checkouts | Full call number | Barcode | Date last seen | Price effective from | Koha item type |
|---|---|---|---|---|---|---|---|---|---|---|---|---|
| Library of Congress Classification | Tanay College Library | Tanay College Library | 12/11/2017 | HD 30.24 Es81 2016 | URSTAN-UGT4029 | 07/06/2023 | 12/11/2017 | Theses and dissertations |